Pays Bannis des Jeux Olympiques - Statistiques

Statistiques générales
  • Ce quiz a été pris 87 fois
  • Le résultat moyen est 6 sur 13
Statistiques - réponses
Années Pays % Correct
2016-2024 Russie
99%
1920/1924/1948 Allemagne
79%
1968/2022 Corée du Nord
71%
1948 Japon
58%
2000 Afghanistan
47%
2024 Biélorussie
43%
1920 Autriche
42%
1920 Turquie
38%
1920 Hongrie
34%
1964-1992 Afrique du Sud
22%
1920 Bulgarie
18%
2016 Koweït
10%
1972 Zimbabwe
8%
Aucun quiz correspondant
Distribution des résultats
% des personnes avec chaque résultat
Percentile par nombre de réponses
Votre historique - résultats
Vous n’avez pas pris ce quiz